[Event "FRA-ch U12"]
[Site "Troyes"]
[Date "2010.04.18"]
[Round "9"]
[White "Marie, Florian"]
[Black "Alinc, Dimitri"]
[Result "1-0"]
[WhiteElo "1651"]
[BlackElo "1772"]
[PlyCount "67"]
[EventDate "2010.04.11"]
[EventType "swiss"]
[EventRounds "9"]
[EventCountry "FRA"]
[SourceTitle "EXT 2012"]
[Source "ChessBase"]
[SourceDate "2011.11.24"]
[SourceVersion "1"]
[SourceVersionDate "2011.11.24"]
[SourceQuality "1"]

1. d4 d5 2. c4 c6 3. Nc3 f5 4. Nf3 e6 5. cxd5 cxd5 6. Bf4 Nf6 7. e3 Bd7 8. Rc1 Nc6 9. Bd3 Be7 10. 0-0 0-0 11. h3 Ne4 12. Nd2 Nb4 13. Bb1 Rc8 14. Ndxe4 fxe4 15. a3 Nc6 16. f3 exf3 17. Rxf3 Bg5 18. Qd3 g6 19. Rg3 Rf5 20. Rf1 Ne7 21. Bxg5 a6 22. Rxf5 exf5 23. Nxd5 Rc1+ 24. Kh2 Bb5 25. Nxe7+ Kf7 26. Ba2+ Ke8 27. Qd2 Qc7 28. Nd5 Qc6 29. Nc3 Rf1 30. Nxb5 axb5 31. Qc3 Qd7 32. Qc5 Rf2 33. Qe5+ Kf8 34. Qh8# 1-0

[Event "Chamalieres op"]
[Site "Chamalieres"]
[Date "2009.10.24"]
[Round "1"]
[White "Alinc, Dimitri"]
[Black "Delort, Frederic"]
[Result "0-1"]
[WhiteElo "1740"]
[BlackElo "2202"]
[PlyCount "78"]
[EventDate "2009.10.24"]
[EventType "swiss"]
[EventRounds "9"]
[EventCountry "FRA"]
[SourceTitle "EXT 2010"]
[Source "ChessBase"]
[SourceDate "2010.11.25"]
[SourceVersion "1"]
[SourceVersionDate "2010.11.25"]
[SourceQuality "1"]

1. e4 Nc6 2. d4 d5 3. e5 Bf5 4. Nf3 e6 5. c3 Qd7 6. Bd3 Nge7 7. Bg5 h6 8. Bxe7 Nxe7 9. Qc2 Bxd3 10. Qxd3 0-0-0 11. Nbd2 f5 12. exf6 gxf6 13. 0-0-0 Nc6 14. Rhe1 Rg8 15. g3 Re8 16. Nh4 e5 17. dxe5 Nxe5 18. Qc2 Qb5 19. f4 Nd3+ 20. Qxd3 Qxd3 21. Rxe8+ Kd7 22. Ree1 Bc5 23. Ng2 Kc8 24. Nb3 Qf3 25. Nh4 Qf2 26. Nxc5 Qxc5 27. Nf5 Rd8 28. Nd4 Qa5 29. Kb1 c5 30. Ne6 Rd6 31. f5 d4 32. cxd4 cxd4 33. Rc1+ Kb8 34. g4 d3 35. Red1 d2 36. Rc2 Qb4 37. h3 Qe4 38. Nc5 Qe2 39. Rh1 d1Q+ 0-1

[Event "FRA-ch Juniors op"]
[Site "Aix les Bains"]
[Date "2009.04.19"]
[Round "1"]
[White "Alinc, Dimitri"]
[Black "Durand, Victor"]
[Result "0-1"]
[WhiteElo "1440"]
[BlackElo "1856"]
[PlyCount "55"]
[EventDate "2009.04.19"]
[EventType "swiss"]
[EventRounds "9"]
[EventCountry "FRA"]
[SourceTitle "CBM 130 Extra"]
[Source "ChessBase"]
[SourceDate "2009.07.02"]
[SourceVersion "2"]
[SourceVersionDate "2009.07.15"]
[SourceQuality "1"]

1. e4 e5 2. Nf3 Nc6 3. Bc4 Nf6 4. Ng5 d5 5. exd5 Na5 6. Bb5+ c6 7. dxc6 bxc6 8. Ba4 Qd5 9. Qf3 e4 10. Qc3 Bc5 11. d3 Bd4 12. Qd2 0-0 13. c3 e3 14. fxe3 Bxe3 15. Qxe3 Re8 16. Qxe8+ Nxe8 17. b4 Qxg2 18. Rf1 Bg4 19. Rf2 Qg1+ 20. Rf1 Qxh2 21. Rf2 Qg1+ 22. Rf1 Qg3+ 23. Rf2 Nf6 24. Bf4 Re8+ 25. Kf1 Bh3+ 26. Nxh3 Qxh3+ 27. Rg2 Qf3+ 28. Rf2 0-1